00611pam a2200193 a 4500001000800000005001700008008004100025020004200066020004100108040001800149082001800167245009500185260005000280300001700330650002100347650001300368650001300381700002300394155922820231205020914.0920320s1992 nyu b 001 0 eng  a0231080727 (cloth : acidfree paper) : a0231080735 (pbk. : acidfree paper) : aDLCcDLCdDLC00a305.42/0122000aModern feminisms :bpolitical, literary, cultural /cedited and introduced by Maggie Humm. aNew York :bColumbia University Press,c1992. axx, 420 p. ; 0aFeminist theory. 0aFeminism 0aFeminism1 aHumm, Maggie.eedt